000 00763cam a22002533a 4500
001 23475
003 PGUSA
005 20140828083512.0
008 071114s2007||||xxu|||||s|||||000 p eng d
040 _aPGUSA
_beng
042 _adc
050 4 _aPR
100 1 _aByron, George Gordon Byron, Baron,
_d1788-1824
245 1 4 _aThe Works of Lord Byron. Vol. 5 :
_bPoetry
_h[electronic resource] /
_cGeorge Gordon Byron, Baron Byron
260 _bProject Gutenberg,
_c2007
506 _aPublic domain in the USA.
516 _aElectronic text
653 _aEnglish poetry
653 _aEnglish drama
700 1 _aColeridge, Ernest Hartley,
_d1846-1920
830 0 _aProject Gutenberg
_v23475
856 4 0 _uhttp://www.gutenberg.org/ebooks/23475
942 _cEB
999 _c252730
_d252730